| 000 | 00777cam a22002175a 4500 | ||
|---|---|---|---|
| 001 | 18182995 | ||
| 005 | 20160828135632.0 | ||
| 008 | 140610t2014 ne a frb 001 0 eng d | ||
| 020 | _a9780124170094 (pbk.) | ||
| 040 |
_aDLC _beng _cDLC _dDLC _dEG-ScBUE |
||
| 082 | 0 | 4 |
_a005.12 _222 _bREL |
| 245 | 0 | 0 |
_aRelating system quality and software architecture / _cedited by Ivan Mistrik ... [et al.] |
| 260 |
_aWaltham : _bMorgan Kaufmann / Elsevier, _cc.2014. |
||
| 300 |
_axxxix, 380 p. : _bill. ; _c24 cm. |
||
| 504 | _aIncludes bibliographical references and indexes. | ||
| 650 | 7 |
_aComputer systems _xQuality control. _2BUEsh _940934 |
|
| 650 | 7 |
_aSoftware architecture. _2BUEsh _929417 |
|
| 653 |
_bCOMSCI _cAugust 2016 |
||
| 700 | 1 |
_aMistrik, Ivan, _eeditor. _940884 |
|
| 942 | _2ddc | ||
| 999 |
_c22255 _d22227 |
||